The TRP rick: (Record no. 162703)

MARC details
000 -LEADER
fixed length control field 00649nam a22001937a 4500
005 - DATE AND TIME OF LATEST TRANSACTION
control field 20190319144607.0
010 ## - LCCN (DPL NO)
LC control number ENG-124897
020 ## - INTERNATIONAL STANDARD BOOK NUMBER
International Standard Book Number 9789386473417
Terms of availability 695.00
035 ## - SYSTEM CONTROL NUMBER
System control number EN-108429
037 ## - SOURCE OF ACQUISITION
Source of stock number/acquisition DBAD/PUB
082 ## - DEWEY DECIMAL CLASSIFICATION NUMBER
Classification number 302.2345
100 ## - MAIN ENTRY--PERSONAL NAME
Personal name Rao, N Bhaskara
245 ## - TITLE STATEMENT
Title The TRP rick:
Statement of responsibility, etc by N Bhaskara Rao
Remainder of title how television in india was hijaked/
260 ## - PUBLICATION, DISTRIBUTION, ETC. (IMPRINT)
Place of publication, distribution, etc New Delhi
Name of publisher, distributor, etc Vitasta Publishing
Date of publication, distribution, etc 2019
270 ## - ADDRESS
Address 2/15, Ansari Road, Daryaganj,
City New Delhi
Postal code 110002
Electronic mail address info@vitastapublishing.com
300 ## - PHYSICAL DESCRIPTION
Extent xvii, 258p.
Dimensions 21cm(Hb)
Other physical details ill.
500 ## - GENERAL NOTE
General note It includes annexures and references.
942 ## - ADDED ENTRY ELEMENTS (KOHA)
Source of classification or shelving scheme Dewey Decimal Classification
Item type English Books
Classification part 302.2345
Call number suffix RAO
Holdings
Withdrawn status Lost status Not for loan Collection code Home library Current library Date acquired Source of acquisition Cost, normal purchase price Full call number Barcode Copy number Cost, replacement price Koha item type
    Not For Loan Non-fiction D.B.Act.Division Patel Nagar 19/03/2019 DBAD/PUB 695.00 302.2345 RAO EN-108429 1 695.00 English Books

© Delhi Public Library
Hit Counter
free hit counter